[Event "Gibtelecom Festival 2010 - Masters"]
[Site "Gibraltar ENG"]
[Date "2010.02.04"]
[Round "10.95"]
[White "Carlsen, Ingrid Oen"]
[Black "Webster, Richard J"]
[Result "1/2-1/2"]
[WhiteElo "1508"]
[BlackElo "1961"]
[PlyCount "64"]
[EventDate "2010.01.26"]
[EventType "swiss"]
[EventRounds "10"]
[EventCountry "ENG"]
[Source "lmi"]
[SourceDate "2010.01.26"]

1. e4 e6 2. d4 d5 3. Nc3 dxe4 4. Nxe4 Nd7 5. Nf3 Ngf6 6. Bd3 Nxe4 7. Bxe4 Nf6
8. Bd3 c5 9. c3 a6 10. Bg5 cxd4 11. Nxd4 Bc5 12. Nb3 Bd6 13. O-O e5 14. Re1 O-O
15. Nd2 Be7 16. Ne4 Nxe4 17. Bxe7 Qxe7 18. Bxe4 Rb8 19. Qc2 g6 20. Rad1 b5 21.
Rd2 Be6 22. a3 Rfd8 23. Red1 a5 24. a4 Rdc8 25. axb5 Rxb5 26. Bd5 Rcb8 27. Bxe6
Qxe6 28. Rd8+ Rxd8 29. Rxd8+ Kg7 30. Qe2 Qb6 31. Rd2 Qb8 32. g3 a4 1/2-1/2

[Event "Gibtelecom Festival 2010 - Masters"]
[Site "Gibraltar ENG"]
[Date "2010.02.04"]
[Round "10.98"]
[White "Young, Mel J"]
[Black "Hirneise, Lothar"]
[Result "1-0"]
[WhiteElo "1971"]
[BlackElo "1707"]
[PlyCount "59"]
[EventDate "2010.01.26"]
[EventType "swiss"]
[EventRounds "10"]
[EventCountry "ENG"]
[Source "lmi"]
[SourceDate "2010.01.26"]

1. e4 d5 2. d4 dxe4 3. Nc3 Nf6 4. f3 exf3 5. Nxf3 Bg4 6. h3 Bh5 7. Be2 e6 8.
O-O Nc6 9. Be3 Bd6 10. a3 O-O 11. Qe1 a6 12. Qh4 Nd5 13. Qxh5 Nxe3 14. Ng5 h6
15. Nxf7 Qe8 16. Rf3 Rxf7 17. Rxe3 Nxd4 18. Bg4 Re7 19. Qxe8+ Raxe8 20. Re4 Bc5
21. Kh1 Nxc2 22. Rc1 Ne3 23. Bf3 Nf5 24. Ne2 b6 25. Bh5 Rd8 26. b4 Bd6 27. Rc3
c5 28. Bg6 Rdd7 29. g3 cxb4 30. Rc8+ 1-0

[Event "Gibtelecom Festival 2010 - Masters"]
[Site "Gibraltar ENG"]
[Date "2010.02.04"]
[Round "10.102"]
[White "Fox, Pierre"]
[Black "Kuenitz, Klaus"]
[Result "1-0"]
[WhiteElo "1788"]
[BlackElo "1755"]
[PlyCount "27"]
[EventDate "2010.01.26"]
[EventType "swiss"]
[EventRounds "10"]
[EventCountry "ENG"]
[Source "lmi"]
[SourceDate "2010.01.26"]

1. d4 f5 2. c4 g6 3. Nc3 Bg7 4. h4 Nf6 5. h5 Nxh5 6. Rxh5 gxh5 7. e4 O-O 8.
Qxh5 fxe4 9. Nxe4 d6 10. Nf3 Nc6 11. Bd3 Qe8 12. Nf6+ Rxf6 13. Qxe8+ Rf8 14.
Qh5 1-0